• 首页
  • 本馆介绍
  • 公告通知
  • 最新文献
  • 馆藏检索
  • 电子资源
  • 读者导购
  • 参考咨询
  • 我的图书馆
  • 登录
  • 详细信息显示
  • 放入我的书架
  • 预约/预借图书
  • 作者相关作品
  • 分类相关作品
  • 丛书相关作品
  • 出版社相关作品

书目信息

  • 表格格式
  • 工作单格式
  • 卡片格式
题名:
行政管理应用写作
    
 
作者: 郭恩吉 主编
分册:  
出版信息: 北京   中国人民大学出版社  1996
页数: 422页
开本: 20cm
丛书名:
单 册:
中图分类: H152.3
科图分类: 41.2383
主题词: 公文-行政管理-写作--教材 , 写作-公文-行政管理--教材 , 行政管理-公文-写作--教材
电子资源:
ISBN: 7-300-02136-0
000 00810nam0 2200277 45
001 0196036433
005 20070602165513.20
010    @a7-300-02136-0@dCNY18.00
100    @a19960808d1996 em y0chiy0121 ea
101 0  @achi
102    @aCN@b110000
105    @ay zq 000yy
200 10 @a行政管理应用写作@AXING ZHENG GUAN LI YING YONG XIE ZUO@f郭恩吉等主编@FGUO EN JI DENG ZHU BIAN
205    @a2版(修订本)
210    @a北京@c中国人民大学出版社@d1996
215    @a422页@d20cm
300    @a实用写作教材系列
314    @a郭恩吉,河北行政学院任教
606    @a公文-行政管理-写作@x教材
606    @a写作-公文-行政管理@x教材
606    @a行政管理-公文-写作@x教材
690    @aH152.3
692    @a41.2383
701  0 @a郭恩吉@AGUO EN JI@4主编
801  0 @aCN@bTSSF@c20070602
905    @a10447@dH152.3@e388
    
    行政管理应用写作/郭恩吉等主编.-2版(修订本).-北京:中国人民大学出版社,1996
    422页;20cm
    实用写作教材系列
    
    ISBN 7-300-02136-0:CNY18.00
    
●
相关链接 在E读中查询图书 在五车中查询图书 在当当中查询图书 在豆瓣中查询图书


正题名:行政管理应用写作     索取号:H152.3/388         预约/预借

序号 登录号 条形码 馆藏地/架位号 状态 备注
1 0397714   203977143   第二样本阅览室/ [索取号:H152.3/388] 在馆    
2 0397715   203977152   密集书库/ [索取号:H152.3/388] 在馆    
3 0397716   203977161   密集书库/ [索取号:H152.3/388] 在馆    
4 0397717   203977170   密集书库/ [索取号:H152.3/388] 在馆    
5 0397718   203977189   密集书库/ [索取号:H152.3/388] 在馆    
唐山师范学院图书馆 欢迎您!
大连网信软件有限公司© 版权所有